000 00544nam a2200157Ia 4500
008 150610s9999 xx 000 0 und d
020 _a0618083561 (pbk.)
050 _aPR6039
_b.O32L63743 2000
100 _aTolkien, Christopher
245 4 _aThe end of the third age /
_cChristopher Tolkien.
260 _aBoston :
_bHoughton Mifflin,
_c2000.
300 _a159pages :
_billustrations ;
_c20 cm.
440 _a The history of The lord of the rings ; pt. 4
504 _a At head of title: J.R.R. Tolkien.
520 _aFantasy fiction, English
999 _c288200
_d288200